000 00357nam a2200109Ia 4500
008 171211s9999 xx 000 0 und d
245 _aChampionship Judo: Tai-Otoshi and O-Uchi-Gari Attacks (Ippon Classics)
245 _cK. Watanabe and Trevor Leggett
260 _c1994
650 _xMartial Arts
856 _uhttp://down.ebook777.com/053/9781874572558.pdf
999 _c348259
_d348259